000 00659nam a2200277Ia 4500
005 20260324125123.0
008 008 260324s9999 xx 000 0 eng d
020 _a9780203872772
037 _aEBOOK
040 _aCRL
040 _beng
040 _cCRL
041 _2eng
041 _aeng
084 _qCRL
100 _aPeter N. Goggin
_91176778
245 0 _aRhetorics, Literacies, and Narratives of Sustainability
260 _bTaylor and Francis
260 _c2009
365 _a
365 _b240
856 _uhttp://www.taylorfrancis.com/books/9780203872772
942 _cEBOOK
999 _c1771746
_d1771746